|
|
|
|
| LEADER |
00000nab a2200000 a 4500 |
| 001 |
vtls008875594 |
| 003 |
SK-MaSNL |
| 005 |
20260304141935.0 |
| 008 |
250505c2005 xo 0 slo |
| 015 |
|
|
|a SNBCL2005/5
|
| 035 |
|
|
|a SLK036726
|
| 035 |
|
|
|a urn:nbn:sk:snk-ab97ps
|
| 035 |
|
|
|a (urnnbn)urn:nbn:sk:snk:ar-0077g7
|
| 035 |
|
|
|a (uuid)65f41c3f-e9a9-44fb-95a9-d12ec71e2907
|
| 040 |
|
|
|a SNKBUCL
|b slo
|c SNKBUCL
|e AACR2
|
| 041 |
0 |
|
|a slo
|
| 044 |
|
|
|a xo
|c SK
|
| 080 |
|
|
|a 178.8:613.8(4)
|2 1981
|
| 100 |
1 |
|
|a Novotný, Vladimír,
|d 1946-2012
|4 upr
|9 201645
|
| 245 |
1 |
0 |
|a Vzťah medzi užívaním kokaínu a problémami duševného zdravia vo vzorke európskych užívateľov kokaínového prášku a cracku
|c Vladimír Novotný
|
| 246 |
1 |
0 |
|a Relationship between cocaine use and mental health problems in a sample of European cocaine powder or crack user
|
| 246 |
1 |
1 |
|a Relationship between cocaine use and mental health problems in a sample of European cocaine powder or crack user
|
| 500 |
|
|
|a C. Haasen a kol.: World Psychiatr, 4, 2005, 3, s. 173-176
|
| 650 |
0 |
7 |
|a poruchy súvisiace s abúzom kokaínu
|x epidemiológia
|2 MESH
|9 1460720
|
| 650 |
0 |
7 |
|a duševné zdravie
|2 MESH
|9 2573
|
| 650 |
0 |
7 |
|a sociálne problémy
|2 MESH
|9 4223
|
| 650 |
0 |
7 |
|a zdravie obyvateľstva
|2 MESH
|9 1017931
|
| 650 |
0 |
7 |
|a abstrakty (publikačný typ)
|2 MESH
|9 1055455
|
| 651 |
|
7 |
|a Európa
|2 SNKBUCL
|9 167569
|
| 651 |
|
7 |
|a Európa
|2 MESH
|9 167569
|
| 773 |
0 |
|
|t Alkoholizmus a drogové závislosti
|g Roč. 40, č. 5 (2005), s. 298
|x 0862-0350
|
| 850 |
|
|
|a Slovenská národná knižnica
|
| 852 |
|
|
|a Slovenská národná knižnica
|
| 954 |
|
|
|a odborná, vedecká literatúra pôvodná (slovenská)
|2 lita
|
| 958 |
|
|
|a article13
|
| 958 |
|
|
|a OND
|
| 958 |
|
|
|a EUIPO
|
| 999 |
|
|
|c 2920002
|d 2921932
|